000
00258pam a2200121 a 4500
020
_c
041
_a
eng
100
_a
Koestler .A.
245
_a
Arrow In The Blue
_h
Textual Documents
260
_a
[s.l]:
_b
William Collins
300
_a
246p.
930
_a
15237
999
_c
92137
_d
92137